Declaracin̤ de renta personas naturales 2021 /

Bibliographic Details
Main Author: Chavarro Cadena, Jorge Enrique
Other Authors: Varn̤ Garca̕, Leonardo
Format: eBook
Language:Spanish
Published: Bogot:̀ Grupo Editorial Nueva Legislacin̤, 2020
Subjects:
Online Access:Acceso restringido

MARC

LEADER 00000nam a22000007a 4500
005 20211111214225.0
007 cr|||| ||||
008 211111s2020 co |||||s|||| 00||0 spa d
020 |a 978-958-52652-6-4 
035 |a 35406 
040 |a vLex 
090 |c 12648  |d 12648 
100 1 |a Chavarro Cadena, Jorge Enrique 
245 1 0 |a Declaracin̤ de renta  |h [Recurso electrn̤ico] :  |b personas naturales 2021 /  |c Jorge Enrique Chavarro Cadena, Leonardo Varn̤ Garca̕ 
256 |a Servicio en ln̕ea 
260 |a Bogot:̀  |b Grupo Editorial Nueva Legislacin̤,  |c 2020 
300 |a 1 recurso electrn̤ico 
506 1 |a Disponible solo en los productos indicados  |d vLex Global  |d vLex Global (Academic Edition, excluding Law Schools)  |d vLex Global (U.S. Academic Edition, Law Schools)  |d vLex Global (U.S. Academic Edition, excluding Law Schools)  |d vLex Global (Academic Edition, Law Schools) 
650 0 4 |a Derecho Fiscal  |z Colombia 
700 1 |a Varn̤ Garca̕, Leonardo 
740 0 |a vLex Libros (Servicio en ln̕ea) 
856 4 0 |u https://app.vlex.com/#/sources/35406  |z Acceso restringido 
942 |c BOOK 
999 0 |a Tax Law